Los moriscos españoles y su expulsión (Record no. 152414)

MARC details
000 -LEADER
campo de control de longitud fija 00783nam a22001935i 4500
001 - NÚMERO DE CONTROL
campo de control 152414
003 - IDENTIFICADOR DE NÚMERO DE CONTROL
campo de control ES-MaACL
005 - FECHA Y HORA DE LA ÚLTIMA TRANSACCIÓN
campo de control 20230906204729.0
008 - DATOS DE LONGITUD FIJA--INFORMACIÓN GENERAL
campo de control de longitud fija 971222s1901 sp |||| | spa d
040 ## - FUENTE DE CATALOGACIÓN
Centro catalogador/agencia de origen AR
Lengua de catalogación spa
Centro/agencia transcriptor AR
100 1# - ENTRADA PRINCIPAL--NOMBRE DE PERSONA
Nombre de persona Boronat y Barrachina, Pascual.
9 (RLIN) 30537
245 14 - MENCIÓN DEL TÍTULO
Título Los moriscos españoles y su expulsión
Resto del título : estudio histórico-crítico /
Mención de responsabilidad, etc. por Pascual Boronat y Barrachina ; con un prólogo del Exmo. Manuel Danvila y Collado.
260 ## - PUBLICACIÓN, DISTRIBUCIÓN, ETC.
Lugar de publicación, distribución, etc. Valencia :
Nombre del editor, distribuidor, etc. [s.n.],
Fecha de publicación, distribución, etc. 1901 (
Fabricante Imp. de Francisco Vives y Mora)
300 ## - DESCRIPCIÓN FÍSICA
Extensión 2 v. (LIX, 690 ; VII, 744 p.) ;
Dimensiones 25 cm.
505 8# - NOTA DE CONTENIDO CON FORMATO
Nota de contenido con formato Contiene: t. I y II
650 #4 - PUNTO DE ACCESO ADICIONAL DE MATERIA--TÉRMINO DE MATERIA
Término de materia o nombre geográfico como elemento de entrada Moriscos-
Subdivisión general Historia-
Subdivisión cronológica 1609-1614, Expulsión.
9 (RLIN) 148575
700 0# - ENTRADA AGREGADA--NOMBRE PERSONAL
Nombre de persona Danvila y Collado, Manuel.
9 (RLIN) 42676
852 ## - LOCALIZACIÓN
Ubicación ES-MaACL
Número de control de estantería C-638-39
Nota libre -- Enc. hol.
Holdings
Estatus retirado Estado de pérdida Estado de daño No para préstamo Biblioteca de origen Biblioteca actual Ubicación en estantería Fecha de adquisición Total de préstamos Signatura topográfica completa Código de barras Visto por última vez Precio de reemplazo Tipo de ítem Koha
        Biblioteca del Ateneo de Madrid Biblioteca del Ateneo de Madrid Sala Palomar 17/01/2008   C-638-39 1159146 23/02/2023 23/02/2023 Libro impreso antiguo